Seis países mais próximos - Geórgia - Statistics

Estatísticas Gerais
  • Esse quiz foi jogado 37 vezes
  • A pontuação média é 4 de 6
Estatísticas das Respostas
km país % Correto
0 Rússia
94%
0 Armênia
87%
0 Azerbaijão
81%
0 Turquia
74%
189 Irão
52%
417 Ucrânia
39%
Nenhum quiz correspondente encontrado
Distribuição das Pontuações
Porcentagem de Pessoas com Cada Pontuação
Percentil de Números Respondidos
Sua Pontuação Histórica
Você não jogou esse quiz